| 000 | 00970nam a2200301Ia 4500 | ||
|---|---|---|---|
| 001 | 76689 | ||
| 003 | IT-RoPAU | ||
| 008 | 130308s9999 xx 000 0 und d | ||
| 040 | _aIT-RoPAU | ||
| 040 | _cIT-RoPAU | ||
| 041 | _aSPAGNOLO | ||
| 100 | _aBonilla De Ramos Elsy | ||
| 100 | _gCodice Aut. SPICS: 5360 | ||
| 245 | _aAgencias internacionales de noticias y sus procesos informativos (Las): el estudio de un caso | ||
| 245 | _bComunicacion Y cambio Social | ||
| 250 | _a2a ed. | ||
| 260 | _aQUITO | ||
| 260 | _bCiespal | ||
| 260 | _c1981 [1° Ed.:1972 - Ed.Ling.Originale:1972] | ||
| 300 | _a"20 p. (prefazione: no ; testo: 20 [pagine: 271-290])" | ||
| 500 | _aAgenzie internazionali di notizie e Loro Processi informativi Studio di un Caso notizia Selezionata Divulgazione della Notizia | ||
| 650 | _aPOLITICA DELLA COMUNICAZIONE SOCIALE | ||
| 650 | _eCodice materia Spics: 3803 | ||
| 942 | _cBK | ||
| 957 | _71 | ||
| 999 |
_c43669 _d43669 |
||
| 999 | _bSI | ||
| 999 | _g1 | ||